000 00438nam a2200157Ia 4500
008 100122s9999 xx 000 0 und d
082 _b24535
_a294.592
100 _aतुकाराम
245 _aतुकाराम
260 _bआर के मित्रा
_c1941
300 _a278
630 _aतुकाराम
700 _aटिपणीस गो गो
730 _aतुकाराम
942 _cBOOK
999 _c411759
_d411756